| 000 | 00699nam a2200253Ia 4500 | ||
|---|---|---|---|
| 001 | 36106 | ||
| 005 | 20240114001843.0 | ||
| 007 | ta | ||
| 008 | 070409s1931 a g b000 u 465 u | ||
| 040 | _aCotton College,Assam | ||
| 041 | _a465 | ||
| 082 |
_a630 _bP 278 H |
||
| 100 | _aPatvardhan , G.B. . | ||
| 245 | 0 |
_aA hand Book of Horticultural Practices / _cG.B.Patvardhan & G.B.Deshmukh. _hTextual Documents |
|
| 250 | _a1st ed. / | ||
| 260 |
_aPoona : _bG.B.Patvardhan , _c1931. |
||
| 300 |
_a177p. : _bill ; _c20cm . |
||
| 653 | _aHorticultural Practices | ||
| 653 | _aG-Technology | ||
| 700 | _aDeshmukh, G.B.. | ||
| 942 |
_2ddc _cBK |
||
| 999 |
_c36088 _d36088 |
||